[Event "47th IT Bosna 2017"]
[Site "Sarajevo"]
[Date "2017.05.17"]
[Round "7.5"]
[White "Filipovic, Branko"]
[Black "Savic, Miodrag R"]
[Result "1/2-1/2"]
[WhiteElo "2413"]
[BlackElo "2512"]
[PlyCount "103"]
[EventDate "2017.05.13"]

1. d4 Nf6 2. Bf4 e6 3. Nf3 b6 4. e3 Bb7 5. Nbd2 h6 6. h3 d6 7. Bd3 Nbd7 8. Bh2
g6 9. O-O Bg7 10. Qe2 O-O 11. Rfd1 a5 12. c3 Qe7 13. a4 e5 14. Bb5 e4 15. Ne1
Nh7 16. Qc4 Ndf6 17. Bc6 Ba6 18. Qb3 Rad8 19. Qc2 Ng5 20. h4 Ne6 21. Nxe4 Ng4
22. Bg3 f5 23. Nd2 g5 24. hxg5 hxg5 25. Ndf3 d5 26. Nd3 Bxd3 27. Qxd3 Kh8 28.
Re1 Qf7 29. Nh2 Nh6 30. f4 Qg6 31. Bb5 c6 32. Ba6 Rg8 33. Qf1 g4 34. Bd3 Bf6
35. Qf2 Nf7 36. Kf1 Nd6 37. Ke2 Kg7 38. Bh4 Bxh4 39. Qxh4 Rde8 40. Qg3 c5 41.
Kd2 Kf7 42. Nf1 Ng7 43. Qf2 Nh5 44. Ng3 Nf6 45. Rh1 Rh8 46. Rag1 Rb8 47. Kc1 c4
48. Bc2 Ke6 49. Qe1 Rbg8 50. Rxh8 Rxh8 51. Rh1 Rh6 52. Kd2 1/2-1/2

[Event "47th IT Bosna 2017"]
[Site "Sarajevo"]
[Date "2017.05.17"]
[Round "7.6"]
[White "Milanovic, Danilo"]
[Black "Ozen, Bahadir"]
[Result "1/2-1/2"]
[WhiteElo "2510"]
[BlackElo "2289"]
[PlyCount "72"]
[EventDate "2017.05.13"]

1. d4 d6 2. c4 e5 3. Nf3 Nd7 4. Nc3 g6 5. e4 Bg7 6. Be2 Ngf6 7. O-O O-O 8. Qc2
Nh5 9. Rd1 Nf4 10. Bf1 c5 11. d5 h6 12. g3 Nh5 13. Nh4 Kh7 14. Ng2 Ndf6 15. f3
Ng8 16. Bd3 Bh3 17. Ne3 Bf6 18. Ne2 Bg5 19. Kh1 Qe7 20. Ng1 Bd7 21. Rf1 Rae8
22. Bd2 Bxe3 23. Bxe3 f5 24. Qg2 f4 25. Bd2 g5 26. Nh3 fxg3 27. hxg3 g4 28. Ng1
gxf3 29. Nxf3 Qg7 30. Rg1 Ngf6 31. Qh2 Ng4 32. Qxh5 Rxf3 33. Be2 Nf2+ 34. Kh2
Ng4+ 35. Kh1 Nf2+ 36. Kh2 Ng4+ 1/2-1/2

[Event "47th IT Bosna 2017"]
[Site "Sarajevo"]
[Date "2017.05.17"]
[Round "7.8"]
[White "Jurman, Roberto"]
[Black "Blagojevic, Dragisa"]
[Result "0-1"]
[WhiteElo "2152"]
[BlackElo "2480"]
[PlyCount "56"]
[EventDate "2017.05.13"]

1. c4 e6 2. g3 d5 3. b3 dxc4 4. bxc4 Qd4 5. Nc3 Qxc4 6. Nf3 Nd7 7. a4 Ngf6 8.
e4 Qc5 9. Ba3 Qa5 10. Bxf8 Nxf8 11. Qc2 Ng6 12. Rb1 c6 13. h4 O-O 14. h5 Nxh5
15. e5 Nxe5 16. Nxe5 Qxe5+ 17. Be2 Nf6 18. Rb4 h6 19. Rbh4 Nd5 20. d4 Qf6 21.
Ne4 Qxd4 22. Ng5 Qc3+ 23. Qxc3 Nxc3 24. Bd3 Rd8 25. Bc2 b6 26. Nh7 Ba6 27. Ng5
Bd3 28. Bb3 Kf8 0-1

[Event "47th IT Bosna 2017"]
[Site "Sarajevo"]
[Date "2017.05.17"]
[Round "7.9"]
[White "Burovic, Rijad"]
[Black "Drazic, Sinisa"]
[Result "1-0"]
[WhiteElo "2290"]
[BlackElo "2427"]
[PlyCount "83"]
[EventDate "2017.05.13"]

1. e4 Nf6 2. e5 Nd5 3. d4 d6 4. Nf3 Nb6 5. Be2 g6 6. O-O Bg7 7. h3 O-O 8. exd6
exd6 9. Bg5 f6 10. Be3 d5 11. Bd3 Nc6 12. c3 Ne7 13. Bf4 Bf5 14. Bxf5 Nxf5 15.
Nbd2 Re8 16. Nb3 Nc4 17. Nc5 b6 18. Nd3 Qd7 19. Qc2 Ncd6 20. Rfe1 c6 21. a4 Ne4
22. Nd2 Bf8 23. Nf1 Rac8 24. a5 b5 25. f3 Ned6 26. Nc5 Qf7 27. g4 Nh4 28. Qf2
g5 29. Bg3 Ng6 30. Ne3 Nc4 31. Nf5 Rxe1+ 32. Rxe1 Re8 33. b4 Nf4 34. Bxf4 gxf4
35. Nd3 Nd6 36. Rxe8 Qxe8 37. Nxf4 Nxf5 38. gxf5 Bh6 39. Qg3+ Kf7 40. Ne6 Ke7
41. Qc7+ Qd7 42. Qb8 1-0

[Event "47th IT Bosna 2017"]
[Site "Sarajevo"]
[Date "2017.05.17"]
[Round "7.10"]
[White "Aakanksha, Hagawane"]
[Black "Marjanovic, Dejan"]
[Result "1-0"]
[WhiteElo "2283"]
[BlackElo "2412"]
[PlyCount "143"]
[EventDate "2017.05.13"]

1. e4 e6 2. d4 d5 3. e5 c5 4. c3 Nc6 5. Nf3 Bd7 6. a3 c4 7. Nbd2 Na5 8. Rb1 Ne7
9. b4 cxb3 10. Nxb3 Ba4 11. Nfd2 Rc8 12. Qf3 Nxb3 13. Nxb3 b6 14. Ba6 Rc6 15.
O-O Qc7 16. Qe2 h5 17. Bd2 Nf5 18. Na5 g6 19. Nxc6 Bxc6 20. Bb5 Ne7 21. c4 dxc4
22. Qxc4 Qd7 23. Bxc6 Qxc6 24. Qxc6+ Nxc6 25. Rfc1 Kd7 26. Rc3 Be7 27. Rbc1 Rc8
28. Rf3 Rf8 29. Bh6 Rh8 30. Bg7 Rh7 31. Bf6 Bxf6 32. Rxf6 Ne7 33. Rf3 Nd5 34.
h4 Rg7 35. g3 a5 36. Kf1 g5 37. hxg5 Ke7 38. Rc8 Rxg5 39. Rb8 f5 40. exf6+ Nxf6
41. Rxb6 Nd5 42. Rb7+ Kd6 43. Rff7 Rg4 44. Ra7 Rxd4 45. Rxa5 h4 46. gxh4 Rxh4
47. Kg2 Rg4+ 48. Kf3 Rc4 49. Kg3 Rc6 50. Raa7 Ke5 51. Rg7 Rc3+ 52. f3 Ne3 53.
Rg6 Nf5+ 54. Kg4 Ne3+ 55. Kg5 Nd5 56. Rf7 Kd6 57. a4 Ra3 58. f4 Rxa4 59. f5 Re4
60. Ra7 Nf4 61. Rh6 Nd5 62. Ra6+ Kc5 63. Rhxe6 Rd4 64. Ra5+ Kb4 65. Rxd5 Rxd5
66. Kg6 Rd1 67. f6 Rg1+ 68. Kf7 Ra1 69. Kg7 Rg1+ 70. Kf8 Kc5 71. f7 Kd5 72. Ke7
1-0

[Event "47th IT Bosna 2017"]
[Site "Sarajevo"]
[Date "2017.05.17"]
[Round "7.11"]
[White "Stankovic, Milos"]
[Black "Kilic, Efe Mert"]
[Result "1/2-1/2"]
[WhiteElo "2406"]
[BlackElo "2284"]
[PlyCount "123"]
[EventDate "2017.05.13"]

1. e4 e5 2. Nf3 Nc6 3. Nc3 g6 4. d4 exd4 5. Nxd4 Bg7 6. Be3 Nge7 7. Qd2 d6 8.
O-O-O a6 9. f3 h6 10. h4 Ne5 11. f4 Ng4 12. h5 Nxe3 13. Qxe3 Bg4 14. hxg6 Nxg6
15. Be2 Bxe2 16. Ndxe2 Qf6 17. Rhf1 O-O-O 18. Qa7 c6 19. Nd4 Kc7 20. Nf5 Ne7
21. Nxg7 Qxg7 22. Qf2 Rhg8 23. Rd2 Qg3 24. Qd4 Qg7 25. Qb4 Qf6 26. Rf3 Qe6 27.
Rfd3 Nc8 28. Qd4 f5 29. exf5 Qxf5 30. Re3 Rg4 31. g3 Rdg8 32. Ne4 R4g6 33. Qc3
Nb6 34. Qd4 Nd5 35. Rb3 Re6 36. Qa7 Rb8 37. Nc3 Re1+ 38. Rd1 Rxd1+ 39. Nxd1 Qe4
40. Ne3 Qh1+ 41. Nd1 c5 42. c4 Nb4 43. a3 Nc6 44. Qb6+ Kd7 45. Re3 Nd4 46. Qa5
Re8 47. Qd2 Qf1 48. Qd3 Qg2 49. Qh7+ Kd8 50. Qg6 Rxe3 51. Qxd6+ Ke8 52. Nxe3
Qe4 53. Qe5+ Qxe5 54. fxe5 Ne2+ 55. Kd2 Nxg3 56. Nd5 Nh5 57. Ke3 Kd7 58. Ke4
Ke6 59. Nc7+ Kd7 60. Nd5 Ke6 61. Nc7+ Kd7 62. Nd5 1/2-1/2

[Event "47th IT Bosna 2017"]
[Site "Sarajevo"]
[Date "2017.05.17"]
[Round "7.12"]
[White "Maksimovic, Bojan"]
[Black "Jakovljevic, Vlado"]
[Result "1/2-1/2"]
[WhiteElo "2269"]
[BlackElo "2384"]
[PlyCount "56"]
[EventDate "2017.05.13"]

1. e4 c5 2. Nf3 d6 3. d4 cxd4 4. Nxd4 Nf6 5. Nc3 a6 6. Be3 e5 7. Nf3 Qc7 8. a4
Be7 9. Be2 O-O 10. O-O b6 11. Ne1 Bb7 12. Bf3 Nbd7 13. Bg5 h6 14. Bxf6 Nxf6 15.
Nd3 Qc4 16. Re1 Rfc8 17. Qe2 b5 18. axb5 axb5 19. Rac1 b4 20. Nb1 Nh7 21. Nd2
Qb5 22. g3 Ng5 23. Bg4 Ne6 24. Bxe6 fxe6 25. Qg4 Kh8 26. h4 Re8 27. b3 Ba6 28.
Ra1 Qb8 1/2-1/2

[Event "47th IT Bosna 2017"]
[Site "Sarajevo"]
[Date "2017.05.17"]
[Round "7.13"]
[White "Nestorovic, Dejan"]
[Black "Zarkovic, Mila"]
[Result "1/2-1/2"]
[WhiteElo "2375"]
[BlackElo "2251"]
[PlyCount "29"]
[EventDate "2017.05.13"]

1. d4 Nf6 2. c4 e6 3. Nf3 b6 4. g3 Bb7 5. Bg2 Be7 6. O-O O-O 7. Nc3 Ne4 8. Nxe4
Bxe4 9. Ne1 Bxg2 10. Kxg2 d6 11. b3 Nd7 12. Bb2 f5 13. Nd3 Bf6 14. e3 Qe7 15.
f3 1/2-1/2

[Event "47th IT Bosna 2017"]
[Site "Sarajevo"]
[Date "2017.05.17"]
[Round "7.14"]
[White "Bistric, Faruk"]
[Black "Obuca, Bajro"]
[Result "1-0"]
[WhiteElo "2349"]
[BlackElo "2117"]
[PlyCount "53"]
[EventDate "2017.05.13"]

1. d4 d5 2. Nf3 Nf6 3. Bf4 e6 4. Nbd2 Bd6 5. Bg3 O-O 6. e3 h6 7. Bd3 c5 8. c3
Qc7 9. Ne5 Nc6 10. f4 c4 11. Bc2 Ne8 12. O-O f5 13. Bh4 Bxe5 14. dxe5 g6 15.
Kh1 Qb6 16. g4 Qxb2 17. Rg1 Kf7 18. gxf5 exf5 19. Rxg6 Qxa1 20. Qxa1 Kxg6 21.
Qf1 Be6 22. Qh3 Ng7 23. Nf3 Rf7 24. Bf6 Rg8 25. Nh4+ Kh7 26. Qg4 Ne8 27. Bxf5+
1-0

[Event "47th IT Bosna 2017"]
[Site "Sarajevo"]
[Date "2017.05.17"]
[Round "7.15"]
[White "Sinanovic, Ermin"]
[Black "Arapovic, Vitomir"]
[Result "0-1"]
[WhiteElo "1973"]
[BlackElo "2330"]
[PlyCount "82"]
[EventDate "2017.05.13"]

1. e4 g6 2. d4 Bg7 3. Nc3 d6 4. Be3 c6 5. Qd2 Nd7 6. O-O-O Qa5 7. Kb1 b5 8. g4
b4 9. Nce2 Ngf6 10. f3 Nb6 11. Nc1 Be6 12. h4 Bc4 13. Nb3 Qb5 14. Bd3 h5 15. g5
Nfd7 16. f4 a5 17. Nc1 a4 18. b3 Bxd3 19. Qxd3 Qa5 20. Nge2 O-O 21. Ng3 c5 22.
dxc5 Nxc5 23. Bxc5 Qxc5 24. Rhe1 Rfc8 25. Nge2 Ra5 26. Rd2 Qf2 27. Rh1 Nd7 28.
Qg3 Qa7 29. f5 Nc5 30. Qf3 Qb7 31. Ng3 Be5 32. fxg6 fxg6 33. Rf1 e6 34. Re2
Bxg3 35. Qxg3 Nxe4 36. Qg2 Re5 37. Nd3 Nc3+ 38. Ka1 Qxg2 39. Rxg2 Re4 40. Rf4
Rxf4 41. Nxf4 Rf8 0-1

[Event "47th IT Bosna 2017"]
[Site "Sarajevo"]
[Date "2017.05.17"]
[Round "7.16"]
[White "Sutkovic, Damir"]
[Black "Nezirovic, Ozren"]
[Result "1-0"]
[WhiteElo "2317"]
[BlackElo "2013"]
[PlyCount "71"]
[EventDate "2017.05.13"]

1. d4 g6 2. c4 Bg7 3. e4 d6 4. Nc3 Nf6 5. Be2 O-O 6. Be3 e5 7. d5 a5 8. g4 Na6
9. h4 Nc5 10. Bf3 c6 11. g5 Nh5 12. Bxh5 gxh5 13. Bxc5 dxc5 14. Qxh5 Qb6 15.
Qe2 Bg4 16. f3 Bh5 17. O-O-O a4 18. Qd3 f6 19. Rh3 a3 20. b3 fxg5 21. hxg5 Bg6
22. Nge2 Qb4 23. Kc2 Rad8 24. Rf1 Rd6 25. Ng3 Rf4 26. Nh5 Bxh5 27. Rxh5 Bf8 28.
Rfh1 Rg6 29. Rxh7 Rxg5 30. Rh8+ Kf7 31. dxc6 Rg2+ 32. Kd1 bxc6 33. Qd7+ Be7 34.
R8h7+ Rg7 35. Rxg7+ Kxg7 36. Qxe7+ 1-0

[Event "47th IT Bosna 2017"]
[Site "Sarajevo"]
[Date "2017.05.17"]
[Round "7.17"]
[White "Vajic, Goran"]
[Black "Krstonijevic, Stjepan"]
[Result "1/2-1/2"]
[WhiteElo "2295"]
[BlackElo "2155"]
[PlyCount "53"]
[EventDate "2017.05.13"]

1. e4 c5 2. Nc3 e6 3. f4 Nc6 4. Nf3 Be7 5. Bb5 Qc7 6. Bxc6 bxc6 7. e5 d5 8.
exd6 Bxd6 9. g3 Nf6 10. d3 O-O 11. Qe2 Rb8 12. b3 c4 13. dxc4 Qa5 14. Bd2 Qc5
15. Ne4 Nxe4 16. Qxe4 Qh5 17. Qe2 f6 18. h3 e5 19. O-O-O Re8 20. g4 exf4 21.
Qd3 Qc5 22. b4 Be5 23. Nxe5 Qxe5 24. Bc3 Qe3+ 25. Qxe3 fxe3 26. Rde1 Ba6 27.
Bd4 1/2-1/2

[Event "47th IT Bosna 2017"]
[Site "Sarajevo"]
[Date "2017.05.17"]
[Round "7.18"]
[White "Muratovic, Efim"]
[Black "Garabetyan, Arno"]
[Result "1/2-1/2"]
[WhiteElo "2383"]
[BlackElo "2050"]
[PlyCount "114"]
[EventDate "2017.05.13"]

1. b3 e5 2. Bb2 Nc6 3. e3 Nf6 4. Bb5 Bd6 5. Na3 Na5 6. Nc4 Nxc4 7. Bxc4 O-O 8.
Nf3 Qe7 9. Nh4 Ba3 10. Bxa3 Qxa3 11. Qf3 d5 12. Bxd5 e4 13. Bxe4 Qb4 14. c4 Bg4
15. Qf4 Rad8 16. O-O Rxd2 17. Bf3 Bxf3 18. Nxf3 Rd7 19. g4 h6 20. h4 Re8 21. g5
hxg5 22. hxg5 Ne4 23. Rfd1 Nc3 24. Re1 Re4 25. Qf5 Qe7 26. Kg2 Qe6 27. Qxe6
Rxe6 28. Rec1 Ne4 29. Rd1 Red6 30. Rd4 Nc3 31. Rh1 Kf8 32. Rh8+ Ke7 33. Rg8
Rxd4 34. exd4 g6 35. Rb8 c6 36. a4 Ke6 37. a5 a6 38. Re8+ Kf5 39. Re3 Ne4 40.
Kf1 Kf4 41. Ke2 Nxg5 42. Ne5 Rxd4 43. Nxf7 Rd7 44. Ne5 Rg7 45. Kd3 Kf5 46. Kd4
Ne6+ 47. Kc3 g5 48. Nd3 g4 49. Re5+ Kf6 50. Re3 Rh7 51. Kb4 Kf5 52. Re5+ Kf6
53. Re2 Kf5 54. Nc5 Nxc5 55. Kxc5 Kf4 56. Re6 Rf7 57. Re3 Rh7 1/2-1/2

[Event "47th IT Bosna 2017"]
[Site "Sarajevo"]
[Date "2017.05.17"]
[Round "7.19"]
[White "Kamberovic, Senad"]
[Black "Popovic, Zoran"]
[Result "1-0"]
[WhiteElo "2158"]
[BlackElo "2300"]
[PlyCount "73"]
[EventDate "2017.05.13"]

1. d4 Nf6 2. Nf3 g6 3. Bf4 Bg7 4. h3 b6 5. e3 Bb7 6. Be2 O-O 7. O-O c5 8. c4
cxd4 9. exd4 d6 10. Nc3 Nbd7 11. Rc1 Ne4 12. Nxe4 Bxe4 13. Nd2 Bb7 14. Bf3 Bxf3
15. Nxf3 e5 16. Bh2 Re8 17. b3 e4 18. Ne1 Qf6 19. Nc2 Nb8 20. Ne3 Qxd4 21. Nd5
Na6 22. Bxd6 Rad8 23. Ba3 f5 24. Ne7+ Kf7 25. Nc6 Qxd1 26. Rcxd1 Rd3 27. Rxd3
exd3 28. Rd1 Nc5 29. Bxc5 bxc5 30. Rxd3 Re1+ 31. Kh2 Re2 32. Rd7+ Kf6 33. Nd8
Bh6 34. Rf7+ Kg5 35. Rxh7 Bf8 36. Kg3 Re8 37. f4+ 1-0

[Event "47th IT Bosna 2017"]
[Site "Sarajevo"]
[Date "2017.05.17"]
[Round "7.20"]
[White "Temizkan, Denizcan"]
[Black "Trkulja, Goran"]
[Result "1/2-1/2"]
[WhiteElo "2124"]
[BlackElo "2291"]
[PlyCount "119"]
[EventDate "2017.05.13"]

1. d4 Nf6 2. c4 c5 3. d5 e5 4. Nc3 d6 5. e4 Be7 6. g3 Nbd7 7. Bg2 Nf8 8. Nge2
Ng6 9. O-O Bd7 10. f4 exf4 11. Bxf4 Ng4 12. Qd2 N4e5 13. b3 a6 14. Rac1 b5 15.
Nd1 O-O 16. Ne3 Rb8 17. Kh1 Bf6 18. Nf5 Bxf5 19. exf5 Nxf4 20. gxf4 Nd7 21.
cxb5 axb5 22. b4 c4 23. a4 bxa4 24. Rxc4 a3 25. Nd4 Bxd4 26. Qxd4 Re8 27. Bf3
Ra8 28. Rc2 Qf6 29. Qxf6 Nxf6 30. Ra1 Re3 31. Kg2 Rb3 32. Rca2 Kf8 33. b5 Nd7
34. Be2 Nb6 35. Kf2 Ke7 36. Rc2 Ra4 37. Rc7+ Kf6 38. Rc6 Rxf4+ 39. Kg1 Nxd5 40.
Bc4 Rxc4 41. Rxc4 Ne3 42. Ra4 Rxb5 43. R1xa3 Nxf5 44. Ra7 Re5 45. Rd3 h5 46.
Kf2 g5 47. Rc3 Ke6 48. Rcc7 f6 49. Rc8 Nd4 50. Ra4 Re2+ 51. Kf1 Rd2 52. Re8+
Kf5 53. Ra5+ Kg6 54. Rd5 Nf3 55. Rxd2 Nxd2+ 56. Ke2 Nc4 57. Kd3 Ne5+ 58. Ke4
d5+ 59. Kxd5 Kf5 60. Ra8 1/2-1/2

[Event "47th IT Bosna 2017"]
[Site "Sarajevo"]
[Date "2017.05.17"]
[Round "7.21"]
[White "Ozates, Tuna"]
[Black "Kapetanovic, Edin"]
[Result "1-0"]
[WhiteElo "2286"]
[BlackElo "2182"]
[PlyCount "66"]
[EventDate "2017.05.13"]

1. e4 g6 2. d4 Bg7 3. Nc3 d6 4. f4 a6 5. Nf3 c6 6. Be3 b5 7. Bd3 d5 8. exd5
cxd5 9. a4 bxa4 10. Nxa4 Nh6 11. h3 Nf5 12. Bf2 h5 13. Ne5 Bf6 14. O-O e6 15.
c4 Bd7 16. c5 Bxe5 17. dxe5 Bb5 18. Nb6 Bxd3 19. Qxd3 Ra7 20. b4 O-O 21. g4 Ng7
22. b5 Ne8 23. gxh5 gxh5 24. Kh2 f5 25. Rg1+ Ng7 26. Rg5 Rff7 27. bxa6 Nc6 28.
Rag1 Kf8 29. Rg6 d4 30. Rh6 Ke8 31. Rxg7 Rxg7 32. Rh8+ Kf7 33. Rxd8 Nxd8 1-0

[Event "47th IT Bosna 2017"]
[Site "Sarajevo"]
[Date "2017.05.17"]
[Round "7.22"]
[White "Hrescak, Ivana"]
[Black "Hadzovic, Amir"]
[Result "1-0"]
[WhiteElo "2111"]
[BlackElo "2280"]
[PlyCount "103"]
[EventDate "2017.05.13"]

1. Nf3 Nf6 2. g3 d6 3. Bg2 e5 4. d3 Be7 5. O-O O-O 6. c4 Nbd7 7. Nc3 c6 8. d4
Qc7 9. e4 Ne8 10. d5 c5 11. Nd2 Qd8 12. a3 Bg5 13. f4 Bh6 14. f5 a6 15. Kh1 b5
16. g4 Bf4 17. Nf3 g5 18. h4 h6 19. Bxf4 exf4 20. Re1 Ne5 21. Nxe5 dxe5 22.
cxb5 gxh4 23. Qf3 Qg5 24. Na4 c4 25. Nb6 Rb8 26. Nxc4 axb5 27. Nxe5 Nf6 28. Nc6
Rb6 29. Bh3 Bb7 30. Rac1 Kh7 31. e5 Nd7 32. Kh2 Re8 33. e6 fxe6 34. fxe6 Nf6
35. Re5 Qg7 36. Qxf4 Kh8 37. Nb4 Rd6 38. Rd1 Nh7 39. Rd2 Rf8 40. Rf5 Rdd8 41.
Bg2 Ng5 42. Qe3 Rfe8 43. Qf4 Kg8 44. Nd3 Nxe6 45. dxe6 Bxg2 46. Kxg2 Rd4 47.
Qf3 Rxg4+ 48. Kh2 Rg3 49. Qe4 Qg6 50. Nf4 Qg7 51. Rf7 Qh8 52. Ng6 1-0

[Event "47th IT Bosna 2017"]
[Site "Sarajevo"]
[Date "2017.05.17"]
[Round "7.23"]
[White "Hodzic, Nihad"]
[Black "Urh, Zala"]
[Result "1-0"]
[WhiteElo "2266"]
[BlackElo "2036"]
[PlyCount "61"]
[EventDate "2017.05.13"]

1. d4 Nf6 2. c4 e6 3. Nc3 Bb4 4. f3 c5 5. a3 Bxc3+ 6. bxc3 d6 7. e4 O-O 8. Bd3
e5 9. Ne2 Nc6 10. Be3 b6 11. d5 Ne7 12. O-O Ng6 13. a4 a5 14. Rb1 Rb8 15. Rb2
Bd7 16. Bc2 Re8 17. Qd2 h6 18. Ng3 Ne7 19. h3 Nc8 20. f4 exf4 21. Bxf4 Nh7 22.
Qd3 Nf8 23. Rbb1 Ng6 24. e5 dxe5 25. Bxh6 e4 26. Nxe4 gxh6 27. Rxf7 Ne5 28.
Qg3+ Kxf7 29. Rf1+ Bf5 30. Rxf5+ Ke7 31. Qg7+ 1-0

[Event "47th IT Bosna 2017"]
[Site "Sarajevo"]
[Date "2017.05.17"]
[Round "7.24"]
[White "Alaz, Ahmet Efekan"]
[Black "Obad, Andrija"]
[Result "1/2-1/2"]
[WhiteElo "1965"]
[BlackElo "2256"]
[PlyCount "70"]
[EventDate "2017.05.13"]

1. d4 Nf6 2. Nf3 c5 3. e3 e6 4. Bd3 d5 5. c3 Nc6 6. O-O Bd6 7. Nbd2 O-O 8. Re1
e5 9. dxc5 Bxc5 10. e4 d4 11. Nb3 Bb6 12. cxd4 Nxd4 13. Nbxd4 Bxd4 14. Nxd4
Qxd4 15. Qc2 Rd8 16. Be3 Qd6 17. Red1 Be6 18. f3 h6 19. Be2 Qe7 20. Rxd8+ Qxd8
21. Qc5 Nd7 22. Qb4 b6 23. Rd1 Qf8 24. Qb5 a6 25. Qa4 Nc5 26. Qc6 Rb8 27. b4
Rc8 28. Qxb6 Na4 29. Qd6 Nc3 30. Qxf8+ Kxf8 31. Rd2 Nxe2+ 32. Rxe2 Rc4 33. Rd2
Ke8 34. Bc5 Rc1+ 35. Kf2 Ra1 1/2-1/2

[Event "47th IT Bosna 2017"]
[Site "Sarajevo"]
[Date "2017.05.17"]
[Round "7.25"]
[White "Kozarcanin, Sead"]
[Black "Eric, Jovana"]
[Result "0-1"]
[WhiteElo "2016"]
[BlackElo "2237"]
[PlyCount "98"]
[EventDate "2017.05.13"]

1. Nf3 Nf6 2. g3 g6 3. Bg2 Bg7 4. O-O O-O 5. d3 d5 6. Nbd2 c5 7. e4 e6 8. Re1
Nc6 9. Qe2 b6 10. c3 Ba6 11. Bf1 Qc7 12. Qd1 e5 13. exd5 Nxd5 14. Qa4 Bb7 15.
Bg2 Rad8 16. Nf1 Rfe8 17. Bg5 f6 18. Be3 Na5 19. Red1 Bc6 20. Qc2 Nxe3 21. Nxe3
Qd7 22. Ne1 Bxg2 23. N3xg2 f5 24. f4 exf4 25. Nxf4 Nc6 26. Nf3 Ne5 27. Nxe5
Bxe5 28. Ne2 Qc6 29. Rf1 Kh8 30. Rad1 Re7 31. Nc1 Rde8 32. Qg2 Qd6 33. Qf3 b5
34. Nb3 b4 35. d4 cxd4 36. Nxd4 Qc5 37. Kg2 bxc3 38. bxc3 Bg7 39. Rd3 Re4 40.
Rf2 Bxd4 41. Rxd4 Rxd4 42. cxd4 Qxd4 43. Re2 Rxe2+ 44. Qxe2 Qd5+ 45. Kg1 Qc5+
46. Kg2 Kg7 47. Qb2+ Kh6 48. Qd2+ g5 49. Qb2 Qc6+ 0-1

[Event "47th IT Bosna 2017"]
[Site "Sarajevo"]
[Date "2017.05.17"]
[Round "7.26"]
[White "Sukovic, Andrej"]
[Black "Marn, Jan"]
[Result "0-1"]
[WhiteElo "2236"]
[BlackElo "2035"]
[PlyCount "42"]
[EventDate "2017.05.13"]

1. Nc3 d5 2. e4 d4 3. Nce2 c5 4. c3 e5 5. Ng3 a6 6. Bc4 Nf6 7. Qb3 Qc7 8. a4
Nc6 9. a5 Bd6 10. Nf3 O-O 11. Ng5 h6 12. h4 Qe7 13. d3 Bc7 14. Qd1 Nxa5 15. Ba2
dxc3 16. bxc3 c4 17. Qf3 Rd8 18. Be3 Qa3 19. O-O Bg4 20. Nxf7 Kxf7 21. Bxc4+
Nxc4 0-1

[Event "47th IT Bosna 2017"]
[Site "Sarajevo"]
[Date "2017.05.17"]
[Round "7.27"]
[White "Velikic, Adela"]
[Black "Omanovic, Vahidin"]
[Result "1-0"]
[WhiteElo "2204"]
[BlackElo "2002"]
[PlyCount "81"]
[EventDate "2017.05.13"]

1. e4 d6 2. d4 Nf6 3. Nc3 c6 4. f4 Qc7 5. Be2 b5 6. e5 Ng8 7. Nf3 Nh6 8. O-O d5
9. Be3 Nf5 10. Qd2 e6 11. Nd1 a6 12. g4 Nxe3 13. Nxe3 c5 14. c3 Nc6 15. f5 Ra7
16. Rad1 Qb6 17. Kh1 cxd4 18. cxd4 Be7 19. g5 exf5 20. Nxd5 Qd8 21. Nf4 Rd7 22.
e6 Rd6 23. exf7+ Kxf7 24. Qe3 Re8 25. Qb3+ Kf8 26. g6 Rxg6 27. Nxg6+ hxg6 28.
d5 Na5 29. Qc2 Bb7 30. Nd4 Bd6 31. Bf3 Qh4 32. Qf2 Qf4 33. Qg3 Qxg3 34. hxg3
Bxg3 35. Ne6+ Kg8 36. Nc5 Ba8 37. d6 Bxf3+ 38. Rxf3 Bh4 39. d7 Rd8 40. Ne6 Nb7
41. Rc3 1-0

[Event "47th IT Bosna 2017"]
[Site "Sarajevo"]
[Date "2017.05.17"]
[Round "7.28"]
[White "Sarenac, David"]
[Black "Nestorovic, Katarina"]
[Result "1-0"]
[WhiteElo "2346"]
[BlackElo "1918"]
[PlyCount "141"]
[EventDate "2017.05.13"]

1. e4 c5 2. Nf3 e6 3. b3 Nf6 4. e5 Nd5 5. Bb2 Nc6 6. g3 Be7 7. Bg2 O-O 8. O-O
f6 9. exf6 Bxf6 10. c3 b6 11. d3 Nde7 12. Nbd2 d5 13. Qc2 Bd7 14. a3 Rc8 15.
Rfe1 Nf5 16. Rac1 Qe8 17. Qb1 Qf7 18. b4 g5 19. h3 h5 20. Re2 h4 21. Nf1 Qg7
22. b5 Ne5 23. a4 Nxf3+ 24. Bxf3 Be5 25. Rxe5 Qxe5 26. Re1 Qd6 27. Kg2 Qe7 28.
Nh2 Qd6 29. Qc1 hxg3 30. Qxg5+ Ng7 31. fxg3 Rf5 32. Qh6 Rcf8 33. Bc1 Be8 34.
Bf4 Qe7 35. Be5 Qf7 36. Bxg7 Qxg7 37. Qxg7+ Kxg7 38. Rxe6 Bg6 39. Rd6 Rxf3 40.
Nxf3 Bxd3 41. Ng5 Rf5 42. h4 Bc2 43. g4 Re5 44. Rd7+ Kg6 45. Rxa7 d4 46. cxd4
cxd4 47. Rd7 d3 48. Rd6+ Kg7 49. Nf3 Re4 50. Kg3 Rxa4 51. Rxb6 Rb4 52. h5 Bd1
53. Rd6 Rb3 54. Kf4 Rb4+ 55. Kg3 Rb3 56. Ne5 d2+ 57. Kf4 Rb4+ 58. Kg5 Rxb5 59.
h6+ Kh7 60. Rd7+ Kh8 61. Rd8+ Kh7 62. Rd7+ Kh8 63. Kf4 Rb4+ 64. Kg3 Rb3+ 65.
Kh4 Rb6 66. g5 Rb4+ 67. Kg3 Bh5 68. Rxd2 Re4 69. Rd8+ Kh7 70. Rd7+ Kg8 71. Rg7+
1-0

[Event "47th IT Bosna 2017"]
[Site "Sarajevo"]
[Date "2017.05.17"]
[Round "7.29"]
[White "Salkic, Midhat"]
[Black "Sitnic, Adnan"]
[Result "0-1"]
[WhiteElo "2042"]
[BlackElo "2235"]
[PlyCount "72"]
[EventDate "2017.05.13"]

1. e4 Nc6 2. Nf3 d6 3. Bc4 Nf6 4. d3 Na5 5. Bb3 Nxb3 6. axb3 g6 7. O-O Bg7 8.
h3 e5 9. Nc3 O-O 10. d4 exd4 11. Nxd4 d5 12. e5 Ne4 13. f4 f6 14. Nf3 Nxc3 15.
bxc3 fxe5 16. fxe5 Bf5 17. Bg5 Qd7 18. Qd4 Qc6 19. Ra5 Bxc2 20. Rxd5 Bxb3 21.
Rd7 Rf7 22. Rxf7 Bxf7 23. Bf6 Qb6 24. Ng5 Bc4 25. Rf2 Qxd4 26. cxd4 h6 27. Rc2
Bxf6 28. exf6 Bd5 29. Nf3 Bxf3 30. gxf3 Rc8 31. Rb2 b6 32. Rc2 c5 33. dxc5 Rxc5
34. Re2 a5 35. Re7 a4 36. Rg7+ Kf8 0-1

[Event "47th IT Bosna 2017"]
[Site "Sarajevo"]
[Date "2017.05.17"]
[Round "7.30"]
[White "Jovovic, Milan"]
[Black "Mrndjic, Muamer"]
[Result "0-1"]
[WhiteElo "2032"]
[BlackElo "2199"]
[PlyCount "70"]
[EventDate "2017.05.13"]

1. d4 Nf6 2. Bf4 d5 3. e3 c5 4. c3 Nc6 5. Nd2 Qb6 6. Qb3 c4 7. Qc2 g6 8. b3 Bf5
9. Qc1 cxb3 10. axb3 Rc8 11. Qb2 Bg7 12. Ngf3 O-O 13. Nh4 Bd7 14. Bd3 Nh5 15.
Nhf3 f6 16. h3 e5 17. Bh2 e4 18. g4 exd3 19. gxh5 Rfe8 20. hxg6 hxg6 21. Bf4 g5
22. Bg3 Ne7 23. Nf1 Bf5 24. N1d2 Be6 25. b4 Nf5 26. Bh2 Bf7 27. Nb3 Nxe3 28.
fxe3 Rxe3+ 29. Kf1 Rxf3+ 30. Kg2 Re3 31. Rhe1 Qe6 32. Nc5 Qxh3+ 33. Kg1 Rce8
34. Qf2 b6 35. Nb3 Qg4+ 0-1

[Event "47th IT Bosna 2017"]
[Site "Sarajevo"]
[Date "2017.05.17"]
[Round "7.31"]
[White "Buzeti, Jernej"]
[Black "Stanivukovic, Drago"]
[Result "1-0"]
[WhiteElo "2196"]
[BlackElo "1892"]
[PlyCount "77"]
[EventDate "2017.05.13"]

1. e4 c5 2. Nf3 d6 3. d4 cxd4 4. Nxd4 Nf6 5. Nc3 a6 6. Be3 g6 7. f3 Bg7 8. Qd2
h5 9. O-O-O O-O 10. h3 Nc6 11. g4 Nxd4 12. Bxd4 Be6 13. Nd5 Bxd5 14. exd5 e5
15. dxe6 fxe6 16. Kb1 e5 17. Bc3 Rc8 18. Bd3 Rxc3 19. Qxc3 e4 20. Qb3+ Kh7 21.
Bxe4 Nxe4 22. fxe4 Qe7 23. gxh5 gxh5 24. Rhf1 Rxf1 25. Rxf1 Qxe4 26. Qd3 Qxd3
27. cxd3 Kg6 28. Kc2 Be5 29. b3 Kg5 30. Kd2 Kh4 31. Rf5 b5 32. Ke3 Bb2 33. Kf3
Bc1 34. Kg2 Bd2 35. Rd5 Bf4 36. a4 bxa4 37. bxa4 Be5 38. Ra5 Kg5 39. d4 1-0

[Event "47th IT Bosna 2017"]
[Site "Sarajevo"]
[Date "2017.05.17"]
[Round "7.32"]
[White "Terzic, Ilijas"]
[Black "Cosovic, Aziz"]
[Result "1/2-1/2"]
[WhiteElo "2163"]
[BlackElo "2006"]
[PlyCount "30"]
[EventDate "2017.05.13"]

1. d4 Nf6 2. Nf3 d5 3. c4 c6 4. Nc3 a6 5. c5 Bf5 6. Bf4 h6 7. h3 Nbd7 8. e3 g5
9. Bh2 Bg7 10. Bd3 Bxd3 11. Qxd3 O-O 12. b4 Re8 13. Rb1 Nf8 14. Qc2 Ng6 15. Na4
Nd7 1/2-1/2

[Event "47th IT Bosna 2017"]
[Site "Sarajevo"]
[Date "2017.05.17"]
[Round "7.33"]
[White "Selimovic, Amir"]
[Black "Bucan, Eldin"]
[Result "0-1"]
[WhiteElo "1941"]
[BlackElo "2126"]
[PlyCount "45"]
[EventDate "2017.05.13"]

1. e4 g6 2. Nc3 d6 3. f4 Nf6 4. Nf3 Bg7 5. Bc4 O-O 6. d3 c6 7. Bb3 b5 8. O-O
Nbd7 9. e5 dxe5 10. fxe5 Nxe5 11. Nxe5 Qd4+ 12. Kh1 Qxe5 13. Bf4 Qd4 14. Qf3
Qd7 15. Rae1 Bb7 16. Qe3 e6 17. Qh3 a5 18. Be5 Ne8 19. Rxf7 Rxf7 20. Bxe6 Qe7
21. Rf1 Bf8 22. Bxf7+ Qxf7 23. Rxf7 0-1